| 000 | 01248nam a2200277 i 4500 | ||
|---|---|---|---|
| 001 | 186690 | ||
| 003 | ES-MaACL | ||
| 005 | 20231210184757.0 | ||
| 008 | 170201s2013 sp a |||| |dspa d | ||
| 080 | _a821.581-84"15"(082.2) | ||
| 130 | 0 |
_aBeng Sim Po Cam. _lEspañol-Chino. _9119213 |
|
| 245 | 1 | 0 |
_aEspejo rico del claro corazón / _c[traducción y transcripción], Fray Juan Cobo ; anotado por Zhao Zhenjiang. |
| 250 | _aEd. especial de la realizada por Deloitte en 2012 para su Biblioteca de clásicos. | ||
| 260 |
_a[Madrid] : _bDeloitte : _bEmbajada de la República Popular China en España, _c2013. |
||
| 300 |
_a222 p. : _bil. col. ; _c29 x 17 cm. |
||
| 534 |
_pLa trad. de. _tEspejo rico del claro corazón la realizó el fraile Juan Cobo en 1592, constituye el primer libro chino trad. a un idioma occidental. |
||
| 546 | _aTexto en español. | ||
| 546 | _aTítulo paralelo y parte de texto en chino. | ||
| 650 | 4 |
_aRefranes y proverbios- _zChina. _916725 |
|
| 700 | 1 |
_aCobo, Juan ( _dm. 1592) _9161637 |
|
| 700 | 1 |
_aZhao, Zhenjiang. _9148744 |
|
| 710 | 1 |
_aChina. _bEmbajada (España) _9161642 |
|
| 852 |
_aES-MaACL _jA-13991 _9193747 _bR.151406 _cDEPO1 _dOlim: N-6991 |
||
| 942 |
_2udc _cMONOGRAFIA |
||
| 999 |
_c186690 _d186690 |
||